亞伯拉罕: (Record no. 16403)
[ view plain ]
| 000 -LEADER | |
|---|---|
| fixed length control field | 00679nam a2200229Ia 4500 |
| 008 - FIXED-LENGTH DATA ELEMENTS--GENERAL INFORMATION | |
| fixed length control field | 200901s9999||||xx |||||||||||||| ||und|| |
| 020 ## - INTERNATIONAL STANDARD BOOK NUMBER | |
| International Standard Book Number | 0941598470 |
| 041 ## - LANGUAGE CODE | |
| Language code of text/sound track or separate title | chi |
| Language code of original | eng |
| 050 ## - LIBRARY OF CONGRESS CALL NUMBER | |
| Classification number | BS571 |
| Item number | .M49 1987- |
| 100 ## - MAIN ENTRY--PERSONAL NAME | |
| Personal name | Meyer, Frederick Brotherton |
| 245 #0 - TITLE STATEMENT | |
| Title | 亞伯拉罕: |
| Remainder of title | 信心的順服 / |
| Statement of responsibility, etc. | 邁爾 ( Frederick Brotherton Meyer) 著; 楚珉譯 |
| 246 ## - VARYING FORM OF TITLE | |
| Title proper/short title | 亚伯拉罕: |
| Remainder of title | 信心的顺服/ |
| 260 ## - PUBLICATION, DISTRIBUTION, ETC. | |
| Place of publication, distribution, etc. | 香港: |
| Name of publisher, distributor, etc. | 美國活泉出版, |
| Date of publication, distribution, etc. | 1988 |
| 300 ## - PHYSICAL DESCRIPTION | |
| Extent | 209 p. |
| Other physical details | ; |
| Dimensions | 18 cm. |
| 490 ## - SERIES STATEMENT | |
| Series statement | 邁爾聖經人物傳 |
| 500 ## - GENERAL NOTE | |
| General note | Translation of: The obedience of faith. |
| 650 ## - SUBJECT ADDED ENTRY--TOPICAL TERM | |
| Topical term or geographic name entry element | Abraham. |
| 700 ## - ADDED ENTRY--PERSONAL NAME | |
| Personal name | 楚珉 |
| 700 ## - ADDED ENTRY--PERSONAL NAME | |
| Personal name | 邁爾 |
| 949 ## - LOCAL PROCESSING INFORMATION (OCLC) | |
| v | v.1 |
| Withdrawn status | Lost status | Damaged status | Not for loan | Home library | Current library | Shelving location | Date acquired | Total Checkouts | Full call number | Barcode | Date last seen | Price effective from | Koha item type |
|---|---|---|---|---|---|---|---|---|---|---|---|---|---|
| GETS Theological Seminary Library | GETS Theological Seminary Library | General Stacks | 09/01/2020 | BS571.M49 1987- v.1 | 00014061 | 09/01/2020 | 09/01/2020 | Chinese Book |